|
|
|
|
| LEADER |
00000nam0a2200000 4500 |
| 001 |
106456 |
| 005 |
20231031114917.0 |
| 035 |
|
|
|a (RuTPU)RU\TPU\book\114906
|
| 090 |
|
|
|a 106456
|
| 100 |
|
|
|a 20061208d1982 k a0rusy5003 ca
|
| 101 |
0 |
|
|a rus
|
| 102 |
|
|
|a RU
|
| 105 |
|
|
|a a z 001zy
|
| 200 |
1 |
|
|a Преемственность в системе подготовки технических специалистов
|f Ю. А. Кустов
|g под ред. А. А. Кыверялга
|
| 210 |
|
|
|a Саратов
|c Изд-во Сарат. ун-та
|d 1982
|
| 215 |
|
|
|a 273 с.
|c ил.
|d 21 см
|
| 610 |
1 |
|
|a обучение
|
| 610 |
1 |
|
|a высшая школа
|
| 610 |
1 |
|
|a преемственность
|
| 610 |
1 |
|
|a преподавание
|
| 610 |
1 |
|
|a специалисты
|
| 610 |
1 |
|
|a подготовка
|
| 610 |
1 |
|
|a высшее образование
|
| 675 |
|
|
|a 62:378
|z rus
|
| 686 |
|
|
|a Ч481.2
|2 rubbk
|
| 700 |
|
1 |
|a Кустов
|b Ю. А.
|g Юрий Андреевич
|4 070
|
| 702 |
|
1 |
|a Кыверялг
|b А. А.
|4 340
|
| 801 |
|
0 |
|a RU
|b RuMRKP
|c 19950704
|g psbo
|
| 801 |
|
1 |
|a RU
|b 63413507
|c 20061208
|g PSBO
|
| 801 |
|
2 |
|a RU
|b 63413507
|c 20150430
|g PSBO
|
| 942 |
|
|
|c BK
|